000 02801cam a22006374i 4500
003 PE-LiUPU
005 20250731170457.0
008 150706s2007 sp a r 000 0 spa d
020 _a8436821246
020 _a9788436821246
035 _a(Sirsi) i9788436821246
040 _aPE-LiUPU
_bspa
_cPE-LiUPU
_dPE-LiUPU
_erda
049 _aPRUA
082 0 4 _a157.3
_bM2
_221
245 0 0 _aManual de inteligencia emocional /
_ccoordinadores José Miguel Mestre Navas, Pablo Fernández Berrocal.
264 1 _aMadrid :
_bPirámide,
_c2007.
300 _a268 páginas :
_bilustraciones ;
_c24 centímetros
336 _atext
_2rdacontent
337 _aunmediated
_2rdamedia
338 _avolume
_2rdacarrier
505 0 _aPrólogo de los coordinadores -- ¿Qué es inteligencia emocional? -- Inteligencia emocional: una revisión a sus primeros quince años y un acercamiento conceptual desde los procesos psicológicos -- La evaluación de la inteligencia emocional con el Mayer-Salovey-Caruso Emotional Intelligence Test (MSCEIT) -- La medida de la inteligencia emocional rasgo -- Una guía práctica de los instrumentos actuales de evaluación de la inteligencia emocional -- Inteligencia emocional y cerebro -- Aspectos psicoevolutivos, psicosociales y diferenciales de la inteligencia emocional -- Inteligencia emocional y salud -- Inteligencia emocional y educación: desarrollo de competencias socioemocionales -- Un modelo de habilidad de la inteligencia emocional: implicaciones para la evaluación y el entrenamiento.
526 _aSEG68
526 _aSEG70
526 _aSEG69
526 _aSEG67
526 _aSEG43
526 _aP144
526 _aP143
526 _aP131
526 _aP122
526 _aP120
526 _aP117
526 _aP112
526 _aP110
526 _aP106
526 _aP101
526 _aP80
526 _aP59
526 _aP54
526 _aP35
526 _aP33
526 _aP30
541 _g001-000096;
650 0 4 _aInteligencia emocional
_vManuales.
650 0 4 _aEmociones
_vManuales.
650 0 4 _aEstilos cognitivos
_vManuales.
650 0 4 _aInteligencia
_vManuales.
700 1 _aMestre Navas José Miguel,
_ecoordinador.
700 1 _aFernández Berrocal, Pablo1964- ,
_ecoordinador.
910 _agl
_clch
_d20130707
942 _2ddc
_cBOOK
949 _a157.3 M2
_wDEWEY
_c1
_i67814
_lCCODEBUL1
_mBUL
_p60.00
_r0
_sY
_tBOOK
_u2015-7-6
_xSALUD
_PP33
_o.STAFF. Colección General
994 _aC0
_bPEPRU
596 _a1
999 _a157.3 M2
_wDEWEY
_c55336
_i67814
_d55336
_e2019-10-6
_f2021-11-3
_g5
_lCCODEBUL1
_mBUL
_n38
_p60.00
_q6
_r0
_sY
_tBOOK
_u2015-7-6
_xSALUD
_zP33
_0COMPRA
_o.STAFF. Colección Ciencias de la Salud
980 _81
_gALBERTO SANCHEZ Responsable de Automatización